000 00768nam a22002057a 4500
005 20240530110512.0
008 151209s2012 sy ab g b 000 0 ara d
020 _a9789933439897
040 _aEG-CaGPL
082 0 4 _221
_a933.01\
_bت ى
100 0 _aتركى قاسم الزغبى
245 1 2 _aاليهود و ارض كنعان /
_cتاليف تركى قاسم الزغبى
260 _aدمشق :
_bدار مؤسسة رسلان للطباعة و النشر و التوزيع ،
_c2012 .
300 _a299 ص :
_bخرائط ؛
_c24 سم .
504 _aيشتمل على ارجاعات ببليوجرافية
650 0 4 _aاليهود
_xتاريخ قديم
650 0 4 _aاليهودية
942 _2ddc
_cBK
999 _c61702
_d61702